[Event "Challenge"]
[Site "http://www.queenalice.com/game.php?id=936885"]
[Date "2011.5.11"]
[Round "-"]
[White "neosukita"]
[Black "Dancarvalho"]
[Result "0-1"]
[WhiteElo "1763"]
[BlackElo "1072"]

1. e4 e5 2. Nf3 Nc6 3. Bb5 Nd4 4. Nxd4 exd4 5. O-O c6 6. Bc4 d5 7. exd5 cxd5 8.
Bb5+ Bd7 9. Bxd7+ Qxd7 10. b3 Nf6 11. d3 Bb4 12. Qe2+ Be7 13. Ba3 Ng8 14. Re1
O-O-O 15. Bxe7 Re8 16. Nd2 Rxe7 17. Qf3 Nf6 18. Qd1 Rhe8 19. Nf3 Qc7 20. Qd2 h6
21. Rad1 Ng4 22. Rxe7 Rxe7 23. Nxd4 Qxh2+ 0-1

[Event "Challenge"]
[Site "http://www.queenalice.com/game.php?id=940273"]
[Date "2011.5.19"]
[Round "-"]
[White "Essejota"]
[Black "neosukita"]
[Result "1-0"]
[WhiteElo "1500"]
[BlackElo "1730"]

1. e4 e5 2. Nf3 Nf6 3. Nxe5 Nxe4 4. Qe2 Qe7 5. Qxe4 d6 6. d4 dxe5 7. dxe5 Nc6 8.
Nc3 Qxe5 9. Qxe5+ Nxe5 10. Nb5 Bd6 11. Nxd6+ cxd6 12. f4 Nc6 13. Be3 O-O 14. c3
Re8 15. Kf2 Bd7 16. Rd1 Bg4 17. Rxd6 Re7 18. Bd3 Rae8 19. Re1 f6 20. Bc4+ Kf8
21. Bc5 Na5 22. Bd5 b6 23. Rxe7 Rxe7 24. Rd8# 1-0

[Event "Challenge"]
[Site "http://www.queenalice.com/game.php?id=941592"]
[Date "2011.5.23"]
[Round "-"]
[White "gduarte"]
[Black "neosukita"]
[Result "0-1"]
[WhiteElo "1497"]
[BlackElo "1617"]

1. e4 e5 2. a3 Nf6 3. d3 Nc6 4. h3 Bc5 5. Bd2 O-O 6. Be2 Nd5 7. b4 Bd4 8. c3 Bb6
9. Nf3 Nf6 10. O-O d6 11. c4 Nd4 12. c5 dxc5 13. bxc5 Bxc5 14. Be3 Be6 15. Nxe5
Nb3 16. Ra2 Bxe3 17. d4 Bxd4 18. Nf3 Nxe4 19. Bd3 Ned2 20. Nbxd2 Nc5 21. Bc4 Re8
22. Rc2 Bf5 23. Rc1 Bb2 24. Ng5 Qxg5 25. Rb1 Bxb1 26. Nxb1 Qf6 27. Nd2 Rad8 28.
Qc2 Re7 29. Nf3 Bxa3 30. Ba2 Qb2 31. Bb1 Qxc2 32. Bxc2 Bb4 33. Ra1 a5 34. Rd1
Rxd1+ 35. Bxd1 a4 36. Bc2 a3 37. Bb1 Na4 38. Ng5 Re1+ 39. Kh2 Rxb1 0-1

[Event "Challenge"]
[Site "http://www.queenalice.com/game.php?id=944275"]
[Date "2011.5.30"]
[Round "-"]
[White "Dancarvalho"]
[Black "neosukita"]
[Result "0-1"]
[WhiteElo "1162"]
[BlackElo "1632"]

1. d4 Nf6 2. d5 d6 3. Nc3 c6 4. e4 e5 5. b3 Be7 6. Ba3 O-O 7. Qd3 Bd7 8. g3 b5
9. f4 a5 10. dxc6 Bxc6 11. Nh3 b4 12. Bb2 bxc3 13. Bxc3 Bxe4 14. Qd2 Bxh1 15.
fxe5 Ne4 16. Qd5 Nxc3 17. Qxa8 Bxa8 18. Bc4 dxe5 19. Bd3 Nc6 20. Nf2 Nd4 21. Kd2
Qc7 22. Rc1 Bg5+ 23. Ke1 Bxc1 24. Ne4 Qc8 25. Nxc3 Qxc3+ 26. Kd1 Qd2# 0-1

[Event "Challenge"]
[Site "http://www.queenalice.com/game.php?id=944568"]
[Date "2011.5.31"]
[Round "-"]
[White "neosukita"]
[Black "Oliver36"]
[Result "0-1"]
[WhiteElo "1591"]
[BlackElo "2244"]

1. e4 c5 2. Nf3 Nc6 3. Nc3 g6 4. d4 cxd4 5. Nxd4 Bg7 6. Be3 Nf6 7. Be2 d6 8. O-O
Bd7 9. Qd2 O-O 10. h3 Nxd4 11. Bxd4 Bc6 12. Bf3 Nd7 13. Bxg7 Kxg7 14. Qe2 Qb6
15. Nd5 Qxb2 16. Qd2 Bxd5 17. exd5 Rfc8 18. Be4 Nf6 19. Rfb1 Nxe4 20. Qd3 Qxc2
21. Qxc2 Rxc2 22. Rc1 Rac8 23. Rxc2 Rxc2 24. Re1 Nxf2 25. Rxe7 Rxa2 0-1

[Event "Challenge"]
[Site "http://www.queenalice.com/game.php?id=947647"]
[Date "2011.6.8"]
[Round "-"]
[White "andydede"]
[Black "neosukita"]
[Result "1-0"]
[WhiteElo "1638"]
[BlackElo "1591"]

1. e4 e5 2. Nf3 Nc6 3. Bc4 Nf6 4. d3 Be7 5. Ng5 d5 6. Bxd5 Nxd5 7. exd5 Qxd5 8.
O-O O-O 9. Qh5 Bxg5 10. Qxg5 Bd7 11. Nc3 Qe6 12. Qg3 Rae8 13. Be3 Nd4 14. Rac1
Nf5 15. Qg5 Nxe3 16. Qxe3 Bc6 17. g3 Re7 18. Ne4 Bxe4 19. dxe4 Rd8 20. Rcd1 Red7
21. Rxd7 Rxd7 22. Qxa7 h6 23. a3 Qh3 24. Qxb7 1-0

[Event "Challenge"]
[Site "http://www.queenalice.com/game.php?id=947914"]
[Date "2011.6.9"]
[Round "-"]
[White "Admilton"]
[Black "neosukita"]
[Result "0-1"]
[WhiteElo "1619"]
[BlackElo "1593"]

1. e4 e5 2. d4 exd4 3. Qxd4 Nc6 4. Qc4 Nf6 5. b3 d5 6. exd5 Nxd5 7. Qe4+ Be7 8.
Bc4 Nf6 9. Qe2 O-O 10. h3 Re8 11. Qf3 Nd4 12. Qc3 Bb4+ 13. Be2 Bxc3+ 14. Nxc3
Nxc2+ 15. Kf1 Nxa1 16. Nf3 Ne4 17. Bg5 Nxg5 18. g4 Ne4 19. Kg2 Nxc3 20. Rxa1
Nxe2 21. Rb1 b6 22. Nh2 Qd5+ 23. Kf1 Qh1# 0-1

[Event "AUTO-INT-2113"]
[Site "http://www.queenalice.com/game.php?id=971691"]
[Date "2011.8.12"]
[Round "1"]
[White "chess2009"]
[Black "neosukita"]
[Result "0-1"]
[WhiteElo "1402"]
[BlackElo "1632"]

1. e4 e5 2. Qh5 Nc6 3. c3 Bc5 4. Bc4 g6 5. Qf3 Qf6 6. Qxf6 Nxf6 7. f3 d6 8. b4
Bb6 9. b5 Na5 10. d3 Nxc4 11. dxc4 Be6 0-1

[Event "AUTO-INT-2113"]
[Site "http://www.queenalice.com/game.php?id=971692"]
[Date "2011.8.12"]
[Round "1"]
[White "neosukita"]
[Black "chess2009"]
[Result "1-0"]
[WhiteElo "1639"]
[BlackElo "1402"]

1. e4 e5 2. Nf3 Qe7 3. Bc4 f6 4. Nc3 c6 5. d3 b5 6. Bb3 b4 7. Ne2 a5 8. O-O Na6
9. d4 Nh6 10. c3 Qd8 11. Bxh6 gxh6 12. cxb4 1-0

[Event "AUTO-INT-2113"]
[Site "http://www.queenalice.com/game.php?id=971709"]
[Date "2011.8.12"]
[Round "1"]
[White "neosukita"]
[Black "ErasmudoPorto"]
[Result "1-0"]
[WhiteElo "1607"]
[BlackElo "1754"]

1. e4 e6 2. Nf3 d5 3. Nc3 d4 4. Ne2 c5 5. Nf4 Nc6 6. Bb5 Bd7 7. O-O a6 8. Bxc6
Bxc6 9. d3 Nf6 10. Bd2 b6 11. Re1 Be7 12. c3 dxc3 13. Bxc3 O-O 14. d4 1-0

[Event "AUTO-INT-2113"]
[Site "http://www.queenalice.com/game.php?id=971711"]
[Date "2011.8.12"]
[Round "1"]
[White "neosukita"]
[Black "discover100"]
[Result "1-0"]
[WhiteElo "1586"]
[BlackElo "1568"]

1. e4 e6 2. d4 d5 3. Nc3 dxe4 4. Nxe4 Nc6 5. Nf3 b6 6. Bb5 Bb7 7. O-O Qd5 8. Nc3
Qh5 9. Qd3 O-O-O 10. Bxc6 Bxc6 11. Bg5 f6 12. d5 Bxd5 13. Nxd5 Rxd5 14. Qa6+ Kb8
15. Be3 Bd6 16. h3 Ne7 17. Rad1 Rxd1 18. Rxd1 Nf5 19. Qb5 Rc8 20. a4 a5 21. Bxb6
cxb6 22. Qxb6+ Ka8 23. Qxa5+ Kb7 24. Rd3 Kc6 25. Rc3+ Kd7 26. Qb5+ Kd8 27. Rxc8+
Kxc8 28. a5 e5 29. a6 Kd8 30. a7 Nd4 31. a8=Q+ 1-0

[Event "AUTO-INT-2113"]
[Site "http://www.queenalice.com/game.php?id=971712"]
[Date "2011.8.12"]
[Round "1"]
[White "discover100"]
[Black "neosukita"]
[Result "1/2-1/2"]
[WhiteElo "1567"]
[BlackElo "1587"]

1. d4 Nf6 2. c4 e6 3. Nf3 Nc6 4. e3 d5 5. Nc3 Bb4 6. a3 Bxc3+ 7. bxc3 O-O 8. Bd3
Re8 9. O-O e5 10. cxd5 e4 11. dxc6 exd3 12. cxb7 Bxb7 13. Qxd3 Bxf3 14. gxf3 Nh5
15. Rb1 Qg5+ 16. Kh1 Re6 17. Rg1 Qh4 18. Qf1 Rg6 19. Rxg6 fxg6 20. Rb7 Nf6 21.
Rxc7 Ne8 22. Rb7 a5 23. e4 a4 24. e5 Qh5 25. f4 Qf3+ 26. Qg2 Qd1+ 27. Qg1
1/2-1/2

[Event "Ring Tone"]
[Site "http://www.queenalice.com/game.php?id=972373"]
[Date "2011.8.13"]
[Round "-"]
[White "neosukita"]
[Black "cavaleiro_cambraia"]
[Result "1-0"]
[WhiteElo "1659"]
[BlackElo "2077"]

1. e4 e5 2. Nf3 Nf6 3. Nxe5 d6 4. Nxf7 Kxf7 5. Nc3 c5 6. Bc4+ Be6 7. Bxe6+ Kxe6
8. O-O Nc6 9. d3 h6 10. Re1 Kd7 11. Bf4 g5 12. Be3 Bg7 13. d4 cxd4 14. Bxd4 Nxd4
15. Qxd4 Nh5 16. e5 Kc6 17. Qc4+ Kd7 18. e6+ Ke8 19. Nd5 Rc8 20. Qb5+ Rc6 21.
Qxb7 1-0

[Event "AUTO-INT-2116"]
[Site "http://www.queenalice.com/game.php?id=972776"]
[Date "2011.8.15"]
[Round "1"]
[White "carlospianista20"]
[Black "neosukita"]
[Result "0-1"]
[WhiteElo "1834"]
[BlackElo "1689"]

1. d4 d5 2. c4 e6 3. Nc3 Nf6 4. Bg5 Be7 5. Nf3 O-O 6. e3 Nc6 7. cxd5 exd5 8. Bb5
Bg4 9. Qa4 Ne4 10. Nxe4 dxe4 11. Bxc6 bxc6 12. Bxe7 Qxe7 13. Ne5 Qe6 14. Rc1 Qc8
15. Qxc6 Bf5 16. O-O Bh3 0-1

[Event "AUTO-INT-2116"]
[Site "http://www.queenalice.com/game.php?id=972777"]
[Date "2011.8.15"]
[Round "1"]
[White "neosukita"]
[Black "carlospianista20"]
[Result "1-0"]
[WhiteElo "1711"]
[BlackElo "1812"]

1. e4 e6 2. d4 c5 3. Nf3 cxd4 4. Nxd4 Nc6 5. Nc3 Bb4 6. Be2 Nf6 7. O-O Bxc3 8.
bxc3 Nxe4 9. Nxc6 dxc6 10. Qxd8+ Kxd8 11. Rd1+ Bd7 12. Bb2 Kc7 13. c4 f6 14. f4
Rad8 15. Rd3 c5 16. Rad1 1-0

[Event "AUTO-INT-2116"]
[Site "http://www.queenalice.com/game.php?id=972796"]
[Date "2011.8.15"]
[Round "1"]
[White "neosukita"]
[Black "aogjba"]
[Result "1-0"]
[WhiteElo "1579"]
[BlackElo "1330"]

1. e4 d6 2. Nf3 Nd7 3. Nc3 Ngf6 4. d4 g6 5. Bc4 Bg7 6. O-O O-O 7. Bf4 c5 8. Ng5
b6 9. e5 dxe5 10. dxe5 Ng4 11. Qxg4 Nxe5 12. Qh4 1-0

[Event "AUTO-INT-2116"]
[Site "http://www.queenalice.com/game.php?id=972797"]
[Date "2011.8.15"]
[Round "1"]
[White "aogjba"]
[Black "neosukita"]
[Result "0-1"]
[WhiteElo "1330"]
[BlackElo "1569"]

1. d4 d5 2. Nc3 Nf6 3. Nf3 g6 4. e4 dxe4 5. Ng5 e5 6. dxe5 Qxd1+ 7. Nxd1 Nd5 8.
Nxe4 Bf5 9. Ng5 f6 10. exf6 Nxf6 11. Ne3 Bd7 12. Bc4 Nc6 0-1